Statistiche per La maggior parte dei paesi islamici in Europa

Clicka qui per fare il quiz!

Statistiche generali

  • Questo quiz è stato fatto 163 volte
  • Il punteggio medio è 7 su 10

Statistiche sulle risposte

%nazione% Corretto
58,8Albania
94%
50,7Bosnia ed Erzegovina
87%
95,6Kosovo
86%
8,8Francia
78%
33,3Macedonia del Nord
76%
13,4Bulgaria
70%
19,1Montenegro
69%
10 - 17Russia
58%
8,1Svezia
30%
8Austria
26%

Distribuzione punteggi

Percentile per numero di risposta

Percentuale di utenti per punteggio

I tuoi punteggi nel tempo

Non hai fatto questo quiz